Movies Quiz

Random Movies or Box Office Quiz

Top Grossing 'O' Movies Quiz Stats

 Plays Quiz Updated Oct 24, 2019

Score 0/21 Timer 05:00
4 Plays Today
% Correct
Ocean's Eleven
94.8%
Ocean's Twelve
92.9%
Ocean's Thirteen
90.5%
Over the Hedge
73.2%
Ocean's 8
72.4%
One Hundred and One Dalmatians (1961)
68.2%
The Other Guys
55.5%
Octopussy
52.7%
Olympus Has Fallen
47.5%
The Others
46.8%
Oz the Great and Powerful
45.7%
% Correct
An Officer and a Gentleman
42.5%
Once Upon a Time in Hollywood
41.5%
Open Season
40.9%
The Omen (2006)
37.1%
Out of Africa
35.1%
The Other Woman
30.7%
Outbreak
28.8%
Oblivion
23.6%
Operation Red Sea / Hong hai xing dong
2.2%
Operation Mekong / Mei Gong he xing dong
1.1%

You're not logged in!

Compare scores with friends on all Sporcle quizzes.
OR
Log In

Sporcle TV

Today on Sporcle TV


Watch our educational content, quiz creation guides, and fun videos on Sporcle TV.

Show Comments

Extras

Top Quizzes Today


Score Distribution

Your Account Isn't Verified!

In order to create a playlist on Sporcle, you need to verify the email address you used during registration. Go to your Sporcle Settings to finish the process.

Report this User

Report this user for behavior that violates our Community Guidelines.

Details: